The Americas Geography by Letter - S - Statistics

General Stats
  • This quiz has been taken 602 times
  • The average score is 8 of 20
Answer Stats
Hint Answer % Correct
The official language of most South American countries Spanish
91%
The Capital and largest city of Chile Santiago
89%
South American Country formerly owned by the Dutch Suriname
86%
Capital and Largest City in Utah Salt Lake City
84%
Home of the Alamo (City) San Antonio
70%
One of New York City's Five Boroughs Staten Island
70%
City in central Saskatchewan Saskatoon
55%
the oldest city in the U.S. state of Georgia Savannah
46%
The first colonial capital of Brazil Salvador da Bahia
33%
A Native American people originally of Florida Seminole
31%
The Smallest Island Divided Between Two Countries Sint Maarten
25%
Premiere public park in Vancouver Stanley Park
18%
Vermont Ski Town Stowe
16%
The longest river on the U.S East Coast Susquehanna River
13%
River in in Virginia and West Virginia that is the principal tributary of the Potomac Shenandoah River
11%
Part of Long Island that is Home to the Hamptons South Fork
11%
The oldest continuously-inhabited English town in the New World (Bermuda) St. George's
8%
The Oldest City in Michigan. Sault Ste. Marie
6%
Klondike Gold Rush town in Alaska Skagway
5%
A Fjord and National Park in Quebec Saguenay Fjord
4%
No matching quizzes found
Score Distribution
Percent of People with Each Score
Percentile by Number Answered
Your Score History
You have not taken this quiz